000 00354nam a2200133Ia 4500
008 150202s9999 xx 000 0 und d
020 _a505114871
050 _aFIC
_bFIC
100 _aBoswell, Barbara.
245 _aWicked games /
_cBarbara Boswell.
260 _aNew York :
_bJove Books,
_c1994.
300 _a377 pages :
_c18 cm.
650 _aFiction.
999 _c281842
_d281842